Guess the Hazbin Hotel Song by Picture - Season 1 - Statistics

General Stats
  • This quiz has been taken 272 times
  • The average score is 14 of 16
Answer Stats
Picture Answer % Correct
Hell's Greatest Dad
98%
Hell Is Forever
97%
Welcome To Heaven
96%
Poison
95%
Stayed Gone
95%
Loser, Baby
93%
Respectless
93%
Happy Day In Hell
92%
It Starts With Sorry
92%
Out For Love
89%
More Than Anything
88%
Finale
87%
You Didn't Know
85%
More Than Anything - Reprise
82%
Ready For This
80%
Whatever It Takes
80%
No matching quizzes found
Score Distribution
Percent of People with Each Score
Percentile by Number Answered
Your Score History
You have not taken this quiz